000 00543nam a2200181Ia 4500
001 9378
005 20260306161714.0
008 260306t2015||||xx |||||||||||||| ||spa||
041 _aESP
082 _a378.17
_bG72
100 _aGonzález Pinzón, Blanca Yaneth
_eAUT
245 0 _aFormación inicial en lectura y escritura en la universidad:
_bde la educación media al desempeño académico en la educación superior
260 _c2015
300 _a480 páginas :
_c24 cm.
650 _aGEN
654 _aCED
942 _cLIB
_dJUS
_fJUS
_2ddc
_n
999 _c9378
_d9378